000 00818nam a22002537a 4500
005 20170124110203.0
010 _aA-904518
020 _a0074631209
_c00.00
035 _aA-904518
037 _bCen Lib/Ret
040 _aDPL
_bEN
082 _a005.7565
_bFIN
100 _aFinkelstein, Rich
_969214
245 _aOracle power objects developers guide /
_cby Rich Finkelstein, Kasu Sista [and] Rick Greenwald
260 _a New Delhi
_bTata McGraw hill publishing company
_c1997
270 _a7 West patel nagar
_b New Delhi
_e110008
300 _axxvii,427p.
_c22cm(Hb)
500 _aIncludes appendix and index
650 _aComputer science
_969215
650 _aOracle
_969216
700 _aSista, Kasu
_936547
700 _aGreenwald, Rick
_969217
942 _2ddc
_cEN
_h005.7565
_mFIN
999 _c133018
_d133018